La suspención del jucio a prueba en los delitos tributarios. A propósito de la reforma establecida por la ley 26.735 (Registro nro. 22286)
[ vista simple ]
| 000 -LEADER | |
|---|---|
| fixed length control field | 00420 a2200109 4500 |
| 001 - CONTROL NUMBER | |
| control field | ART_17463 |
| 005 - DATE AND TIME OF LATEST TRANSACTION | |
| control field | 20260410161820.0 |
| 008 - FIXED-LENGTH DATA ELEMENTS--GENERAL INFORMATION | |
| fixed length control field | 260409a |
| 100 1# - MAIN ENTRY--PERSONAL NAME | |
| Personal name | Semachowicz, Esteban D. |
| 245 10 - TITLE STATEMENT | |
| Title | La suspención del jucio a prueba en los delitos tributarios. A propósito de la reforma establecida por la ley 26.735 |
| 773 0# - HOST ITEM ENTRY | |
| Title | Doctrina Penal Tributaria y Económica |
| Related parts | - Nº 24 (ago. 2012) |
| Record control number | REV4317 |
No hay ítems disponibles.